000 01160nam a2200265 a 4500
001 000023628
005 20200930022348.0
008 101215s1968 mx r 001 0 spa d
040 _aDO-SdBNP
_bspa
_cBNPHU
041 1 7 _aspa
_heng
_2Código de idiomas MARC
082 _annnn
_bZ22m
100 1 _aZaltman, Gerald,
_948690
240 1 0 _aMarketing : contributions from the behavioral sciences.
_lEspañol.
245 1 3 _aLa mercadotecnia :
_bcontribuciones de las ciencias de la conducta /
_cGerald Zaltman , traducción de Patricia S. de Jadresic ; prólogo de William F. Massy.
260 _aMéxico :
_bHerrero Hermanos Sucesores,
_c1968.
300 _axiv, 181 p. ;
_c23 cm.
490 1 _aHarbrace de negocios y economía
500 _aIncluye índice
504 _aIncluye referencias bibliográficas y notas al pie de las páginas.
534 _pTítulo original en inglés:
_tMarketing : contributions from the behavioral sciences.
_cNew York : Harcourt, Brace & World, 1965.
700 1 _aJadresic, Patricia S. de,
_etr.
_948691
700 1 _aMassy, William F.,
_epról.
_948692
830 0 _aHarbrace de negocios y economía
_948693
049 _aBNGR
999 _c23124
_d23124